| 000 | 00533nam a2200157 a 4500 | ||
|---|---|---|---|
| 001 | 000027564 | ||
| 005 | 20200930030927.0 | ||
| 008 | 110401s1958 dr r 000 0 spa d | ||
| 040 |
_aDO-SdBNP _bspa _cBNPHU |
||
| 082 |
_axxxx _bC659R |
||
| 100 | 1 |
_aCocco Sánchez, Luis Ramón _954654 |
|
| 245 | 1 | 3 |
_aLa República Dominicana en la gloriosa era de Trujillo / _cLuis Ramón Cocco Sánchez. |
| 260 |
_aCiudad Trujillo, República Dominicana : _bDel Caribe, _c1958. |
||
| 300 |
_av. ; _c23 cm. |
||
| 500 | _aLa biblioteca posee el volumen 1 | ||
| 999 |
_c27056 _d27056 |
||